[Event "DOM-ch"]
[Site "Santo Domingo"]
[Date "2023.03.03"]
[Round "5"]
[White "Moscoso Silva, Carlos Antonio"]
[Black "Camacho Campusano, David Daniel"]
[Result "1/2-1/2"]
[WhiteElo "1955"]
[BlackElo "2196"]
[PlyCount "127"]
[EventDate "2023.02.24"]
[EventType "swiss"]
[EventRounds "11"]
[EventCountry "DOM"]
[SourceTitle "CBM 213 Extra"]
[Source "ChessBase"]
[SourceDate "2023.05.31"]
[SourceVersion "1"]
[SourceVersionDate "2023.05.31"]
[SourceQuality "1"]

1. e4 e5 2. Nf3 Nc6 3. d4 exd4 4. Nxd4 Bc5 5. Nb3 Bb6 6. Nc3 Nf6 7. Qe2 0-0 8. Be3 Bxe3 9. Qxe3 a5 10. Bb5 Re8 11. 0-0-0 a4 12. Nc5 a3 13. b3 Qe7 14. f3 Qe5 15. Bxc6 bxc6 16. Qd4 Qg5+ 17. Kb1 d6 18. Nd3 c5 19. h4 Qh5 20. Qe3 c4 21. g4 Qa5 22. Nf4 Be6 23. g5 Nd7 24. Ncd5 c6 25. Nxe6 fxe6 26. Nc3 d5 27. Qd2 Rab8 28. Ka1 Rf8 29. Rhf1 Nc5 30. exd5 exd5 31. Ne4 Qxd2 32. Nxd2 cxb3 33. axb3 Rf4 34. h5 Ne6 35. g6 hxg6 36. hxg6 Nd4 37. Rc1 Rf6 38. Ka2 Rxg6 39. Kxa3 Rg2 40. Rfd1 c5 41. c3 Ra8+ 42. Kb2 Nxf3 43. Rc2 Nxd2 44. Rdxd2 Rxd2 45. Rxd2 Rd8 46. b4 cxb4 47. cxb4 Kf7 48. Kb3 Ke6 49. b5 d4 50. Kc4 Ke5 51. b6 Rc8+ 52. Kb5 Ke4 53. b7 Rd8 54. Kc6 Ke3 55. Rb2 d3 56. b8Q Rxb8 57. Rxb8 d2 58. Rb1 g5 59. Kd5 g4 60. Rg1 Kf2 61. Rd1 Ke2 62. Rb1 Kf2 63. Rd1 Ke2 64. Rg1 1/2-1/2

[Event "San Pedro de Macoris zt"]
[Site "San Pedro de Macoris"]
[Date "2021.11.08"]
[Round "1"]
[White "Montes de Oca Valerio, Alexis Valerio"]
[Black "Moscoso Silva, Carlos Antonio"]
[Result "1-0"]
[WhiteElo "2188"]
[BlackElo "1974"]
[PlyCount "59"]
[EventDate "2021.11.08"]
[EventType "swiss"]
[EventRounds "9"]
[EventCountry "DOM"]
[SourceTitle "EXT 2023"]
[Source "ChessBase"]
[SourceDate "2022.10.05"]
[SourceVersion "1"]
[SourceVersionDate "2022.10.05"]
[SourceQuality "1"]

1. Nf3 d5 2. d4 Nf6 3. c4 c6 4. e3 a6 5. a4 Nbd7 6. Nc3 e6 7. Bd3 Be7 8. 0-0 Qc7 9. e4 dxe4 10. Nxe4 Nxe4 11. Bxe4 Nf6 12. Bc2 h6 13. Ne5 c5 14. Bf4 Qd8 15. Be3 Qc7 16. Bf4 Qd8 17. Be3 Qc7 18. h3 cxd4 19. Bxd4 Bd7 20. Qe2 Rc8 21. Rfd1 Bc6 22. a5 Bd6 23. Nxc6 bxc6 24. c5 Be7 25. Qxa6 0-0 26. Qe2 Qa7 27. b4 Rfd8 28. Be5 Nd5 29. Qe4 f5 30. Qc4 1-0

[Event "Santo Domingo Independencia op 8th"]
[Site "Santo Domingo"]
[Date "2019.02.23"]
[Round "6"]
[White "Villalona Arias, Fidel Bienvenido"]
[Black "Moscoso Silva, Carlos Antonio"]
[Result "1/2-1/2"]
[WhiteElo "1758"]
[BlackElo "1977"]
[PlyCount "118"]
[EventDate "2019.02.15"]
[EventType "swiss"]
[EventRounds "8"]
[EventCountry "DOM"]
[SourceTitle "CBM 189 Extra"]
[Source "ChessBase"]
[SourceDate "2019.06.03"]
[SourceVersion "1"]
[SourceVersionDate "2019.06.03"]
[SourceQuality "1"]

1. c4 e5 2. Nc3 Nf6 3. Nf3 Nc6 4. g3 Bc5 5. Bg2 a6 6. 0-0 d6 7. d3 0-0 8. a3 Nd4 9. b4 Nxf3+ 10. Bxf3 Bd4 11. Bb2 Bh3 12. Re1 c6 13. e3 Ba7 14. d4 Qe7 15. d5 e4 16. Bg2 Bg4 17. Qd2 Rfe8 18. h3 Bf5 19. Rad1 c5 20. b5 Nd7 21. Qc2 Bb6 22. Qe2 Ba5 23. a4 Ne5 24. Rf1 Nd3 25. Ba1 Bxc3 26. Bxc3 axb5 27. axb5 Ra4 28. Qc2 Raa8 29. Ra1 Qd7 30. Kh2 Bg6 31. Qe2 b6 32. Kg1 Qb7 33. Qg4 Ne5 34. Qe2 f6 35. Bxe5 Rxe5 36. Ra2 Ree8 37. Rfa1 Rxa2 38. Qxa2 Qe7 39. Qa7 Qe5 40. Ra6 Qc3 41. Bf1 f5 42. Ra3 Qb2 43. Ra2 Qc3 44. Qa3 Qf6 45. Qc1 h5 46. h4 f4 47. exf4 Bf5 48. Qa1 Qg6 49. Ra8 e3 50. Rxe8+ Qxe8 51. Qe1 exf2+ 52. Kxf2 Qa8 53. Kg1 Kf7 54. Qd1 g6 55. Bd3 Qa3 56. Bxf5 Qxg3+ 57. Kh1 Qxh4+ 58. Kg1 gxf5 59. Qd2 Qg3+ 1/2-1/2

[Event "Santo Domingo Independencia op 8th"]
[Site "Santo Domingo"]
[Date "2019.02.17"]
[Round "4"]
[White "Moscoso Silva, Carlos Antonio"]
[Black "Alcantara Urbaez, Richard Leandro"]
[Result "1-0"]
[WhiteElo "1977"]
[BlackElo "1658"]
[PlyCount "105"]
[EventDate "2019.02.15"]
[EventType "swiss"]
[EventRounds "8"]
[EventCountry "DOM"]
[SourceTitle "CBM 189 Extra"]
[Source "ChessBase"]
[SourceDate "2019.06.03"]
[SourceVersion "1"]
[SourceVersionDate "2019.06.03"]
[SourceQuality "1"]

1. e4 c5 2. Nf3 e6 3. d4 cxd4 4. Nxd4 a6 5. Bd3 Qc7 6. 0-0 Nc6 7. Nxc6 bxc6 8. Be3 Nf6 9. f4 d6 10. Nc3 Be7 11. Qf3 e5 12. fxe5 dxe5 13. Kh1 0-0 14. Bc4 Bg4 15. Qg3 Bh5 16. Rae1 Rab8 17. b3 Rbd8 18. h3 Qa5 19. Bg5 Bg6 20. h4 Rd6 21. Bxf6 Bxf6 22. Re3 Qd8 23. Rd3 Rd4 24. Ne2 Rxd3 25. Bxd3 Re8 26. Qf3 Bxh4 27. Bxa6 Re6 28. Qd3 Rd6 29. Qe3 Rd1 30. Nc3 Rd2 31. Bd3 Bg5 32. Qf3 Qa5 33. Nb1 Bf4 34. Nxd2 Qxd2 35. Rd1 Qa5 36. Bc4 h6 37. a4 Qc7 38. Qg4 Kh7 39. Qd7 Qb6 40. Bxf7 Bxe4 41. Qe8 h5 42. Bg8+ Kh6 43. Rd6+ Kg5 44. Qd8+ Qxd8 45. Rxd8 Bxc2 46. Bc4 Be4 47. a5 Kh4 48. Bd3 Bd5 49. a6 Kg3 50. Rxd5 cxd5 51. a7 e4 52. Bxe4 dxe4 53. a8Q 1-0

[Event "Santo Domingo Independencia op 8th"]
[Site "Santo Domingo"]
[Date "2019.02.15"]
[Round "1"]
[White "Peguero Pena, Moises"]
[Black "Moscoso Silva, Carlos Antonio"]
[Result "0-1"]
[WhiteElo "1416"]
[BlackElo "1977"]
[PlyCount "120"]
[EventDate "2019.02.15"]
[EventType "swiss"]
[EventRounds "8"]
[EventCountry "DOM"]
[SourceTitle "CBM 189 Extra"]
[Source "ChessBase"]
[SourceDate "2019.06.03"]
[SourceVersion "1"]
[SourceVersionDate "2019.06.03"]
[SourceQuality "1"]

1. e4 c5 2. Nf3 d6 3. d4 cxd4 4. Nxd4 Nf6 5. Nc3 a6 6. Bc4 e6 7. 0-0 Be7 8. Bg5 b5 9. Bb3 b4 10. Bxf6 Bxf6 11. Nce2 0-0 12. c3 Qb6 13. Nf4 Nc6 14. Nxc6 Qxc6 15. Nd5 bxc3 16. Nxf6+ gxf6 17. Qg4+ Kh8 18. Rac1 Bb7 19. Rfe1 Qb5 20. Rxc3 Qe5 21. f4 Qd4+ 22. Kf1 f5 23. Qh4 Bxe4 24. Rd1 Qg7 25. Rd2 Qg4 26. Qf6+ Qg7 27. Qe7 Qh6 28. Kg1 Rae8 29. Qg5 Qxg5 30. fxg5 d5 31. Ba4 Rc8 32. Rxc8 Rxc8 33. Kf2 Kg7 34. a3 Kg6 35. h4 Rc1 36. g3 e5 37. Bd1 d4 38. b4 f6 39. gxf6 Kxf6 40. Be2 Rc3 41. a4 d3 42. Bd1 Rc4 43. b5 axb5 44. axb5 Rb4 45. Ra2 Rxb5 46. Ra6+ Kg7 47. Ke3 Rb1 48. Bh5 Re1+ 49. Kd2 Rg1 50. Bd1 Rg2+ 51. Kc3 Rxg3 52. Ra7+ Kf6 53. Bb3 d2+ 54. Kxd2 Rxb3 55. Rxh7 f4 56. Rh8 Rb2+ 57. Kc3 Rc2+ 58. Kb3 Rc7 59. h5 f3 60. Rd8 f2 0-1

[Event "Santo Domingo Duarte Memorial 8th"]
[Site "Santo Domingo"]
[Date "2019.01.18"]
[Round "1"]
[White "Moscoso Silva, Carlos Antonio"]
[Black "Mirabal Rodriguez, Bryan"]
[Result "1-0"]
[WhiteElo "1982"]
[BlackElo "1405"]
[PlyCount "71"]
[EventDate "2019.01.18"]
[EventType "swiss"]
[EventRounds "8"]
[EventCountry "DOM"]
[SourceTitle "CBM 188 Extra"]
[Source "ChessBase"]
[SourceDate "2019.02.26"]
[SourceVersion "1"]
[SourceVersionDate "2019.02.26"]
[SourceQuality "1"]

1. e4 d5 2. e5 Nc6 3. d4 Bf5 4. c3 e6 5. Nf3 h6 6. Be2 Qe7 7. Nbd2 f6 8. b4 Qd7 9. Nb3 Be4 10. exf6 Nxf6 11. b5 Nb8 12. Ne5 Qd8 13. Bh5+ g6 14. Nxg6 Bxg6 15. Bxg6+ Ke7 16. Nc5 b6 17. Nd3 Rg8 18. Ne5 Nbd7 19. Ba3+ c5 20. bxc6+ Nc5 21. dxc5 b5 22. Qd4 Qc7 23. h3 Bg7 24. f4 Bh8 25. 0-0-0 Rg7 26. g4 Ng8 27. Bd3 a6 28. Qf2 Rf8 29. Qh4+ Nf6 30. Rhf1 Ke8 31. Ng6 Kf7 32. Nxf8 Kxf8 33. Qxf6+ Kg8 34. Qxe6+ Rf7 35. Bg6 Kg7 36. Bxf7 1-0

[Event "DOM-ch"]
[Site "Santo Domingo"]
[Date "2018.05.06"]
[Round "11"]
[White "Gil Lauriano, Saury"]
[Black "Moscoso Silva, Carlos Antonio"]
[Result "1-0"]
[WhiteElo "1967"]
[BlackElo "2046"]
[PlyCount "40"]
[EventDate "2018.04.20"]
[EventType "swiss"]
[EventRounds "11"]
[EventCountry "DOM"]
[SourceTitle "CBM 184 Extra"]
[Source "ChessBase"]
[SourceDate "2018.06.28"]
[SourceVersion "1"]
[SourceVersionDate "2018.06.28"]
[SourceQuality "1"]

1. e4 c6 2. Nf3 d5 3. exd5 cxd5 4. d4 Nf6 5. Bd3 Bg4 6. c3 Nc6 7. 0-0 e6 8. Re1 Bd6 9. Bg5 h6 10. Bc1 Qc7 11. h3 Bxf3 12. Qxf3 0-0-0 13. b4 Kb8 14. Na3 Nxd4 15. cxd4 Qc3 16. Nc2 Bxb4 17. Bf4+ Ka8 18. Nxb4 Qxb4 19. Rab1 Qa4 20. Be5 Ne4 1-0

[Event "DOM-ch"]
[Site "Santo Domingo"]
[Date "2018.04.28"]
[Round "7"]
[White "Arvelo Leo, Gian Carlo"]
[Black "Moscoso Silva, Carlos Antonio"]
[Result "0-1"]
[WhiteElo "2198"]
[BlackElo "2046"]
[PlyCount "60"]
[EventDate "2018.04.20"]
[EventType "swiss"]
[EventRounds "11"]
[EventCountry "DOM"]
[SourceTitle "CBM 184 Extra"]
[Source "ChessBase"]
[SourceDate "2018.06.28"]
[SourceVersion "1"]
[SourceVersionDate "2018.06.28"]
[SourceQuality "1"]

1. c4 e5 2. g3 Nf6 3. Bg2 Nc6 4. Nc3 a6 5. a3 Bc5 6. e3 d6 7. Nge2 Qe7 8. d3 Rb8 9. 0-0 Ba7 10. b4 Bd7 11. Qc2 0-0 12. Nd5 Qd8 13. Bb2 Nxd5 14. cxd5 Ne7 15. d4 f6 16. f4 Nf5 17. fxe5 fxe5 18. Be4 Qg5 19. Bxf5 Bxf5 20. Qb3 Bh3 21. Rf2 Rxf2 22. Kxf2 Rf8+ 23. Ke1 exd4 24. Nxd4 Rf1+ 25. Kd2 Rf2+ 26. Kc1 Rxh2 27. Nf3 Qxe3+ 28. Qxe3 Bxe3+ 29. Kb1 Rf2 30. Nd4 Rxb2+ 0-1

[Event "DOM-ch"]
[Site "Santo Domingo"]
[Date "2018.04.28"]
[Round "6"]
[White "Moscoso Silva, Carlos Antonio"]
[Black "De Jesus Rosa, Michel"]
[Result "0-1"]
[WhiteElo "2046"]
[BlackElo "2139"]
[PlyCount "102"]
[EventDate "2018.04.20"]
[EventType "swiss"]
[EventRounds "11"]
[EventCountry "DOM"]
[SourceTitle "CBM 184 Extra"]
[Source "ChessBase"]
[SourceDate "2018.06.28"]
[SourceVersion "1"]
[SourceVersionDate "2018.06.28"]
[SourceQuality "1"]

1. e4 e6 2. d4 d5 3. Nd2 c5 4. Ngf3 Nc6 5. exd5 Qxd5 6. Bc4 Qd8 7. Nb3 cxd4 8. Nfxd4 Nxd4 9. Nxd4 a6 10. 0-0 Qc7 11. Bd3 Bd6 12. h3 Nf6 13. Re1 0-0 14. Bg5 Nd5 15. Qh5 g6 16. Qh6 Re8 17. Re4 Bf8 18. Qh4 f5 19. Ree1 e5 20. a3 Bd7 21. c4 Nb6 22. Nb3 e4 23. Bf1 Bg7 24. Bf6 Ba4 25. Na5 Nd7 26. Bxg7 Kxg7 27. b3 Qxa5 28. bxa4 Nc5 29. Qg3 Rad8 30. Red1 Qb6 31. Rab1 Qc6 32. Qc3+ Qf6 33. Qb4 Qc6 34. a5 Rxd1 35. Rxd1 Re7 36. Rd5 Rc7 37. Qc3+ Qf6 38. Qg3 f4 39. Qg4 h5 40. Rxh5 e3 41. Rd5 exf2+ 42. Kxf2 Ne4+ 43. Kg1 Ng3 44. Rd7+ Rxd7 45. Qxd7+ Kh6 46. Qd3 Qe5 47. Kf2 Qxa5 48. Be2 Qc5+ 49. Kf3 Qh5+ 50. Kf2 Qe5 51. Qd2 Ne4+ 0-1

[Event "DOM-ch"]
[Site "Santo Domingo"]
[Date "2018.04.21"]
[Round "2"]
[White "Diaz, Eugenio Daniel"]
[Black "Moscoso Silva, Carlos Antonio"]
[Result "1-0"]
[WhiteElo "1934"]
[BlackElo "2046"]
[PlyCount "63"]
[EventDate "2018.04.20"]
[EventType "swiss"]
[EventRounds "11"]
[EventCountry "DOM"]
[SourceTitle "CBM 184 Extra"]
[Source "ChessBase"]
[SourceDate "2018.06.28"]
[SourceVersion "1"]
[SourceVersionDate "2018.06.28"]
[SourceQuality "1"]

1. d4 d5 2. c4 c6 3. Nf3 Nf6 4. e3 a6 5. Nc3 b5 6. cxd5 cxd5 7. Bd3 Bb7 8. 0-0 Nbd7 9. Qe2 e6 10. Bd2 Bd6 11. a3 Ne4 12. Rac1 0-0 13. Rfd1 Qe7 14. Be1 Rfc8 15. Bb1 Nb6 16. Nxe4 dxe4 17. Nd2 f5 18. g3 Bd5 19. f4 Na4 20. Nf1 Bb3 21. Rxc8+ Rxc8 22. Rd2 Rc1 23. Rc2 Bxc2 24. Bxc2 Nxb2 25. Bc3 Bxa3 26. Bxb2 Bxb2 27. Bb3 Ba3 28. Qa2 Kf7 29. d5 b4 30. dxe6+ Kg6 31. g4 Qh4 32. gxf5+ 1-0

[Event "DOM-chT"]
[Site "Santiago de los Caballeros"]
[Date "2017.08.19"]
[Round "5.4"]
[White "Moscoso Silva, Carlos Antonio"]
[Black "Sosa Moran, Bryan Marc"]
[Result "1-0"]
[WhiteElo "2021"]
[BlackElo "1931"]
[PlyCount "61"]
[EventDate "2017.08.17"]
[EventType "team-swiss"]
[EventRounds "6"]
[EventCountry "DOM"]
[SourceTitle "EXT 2019"]
[Source "ChessBase"]
[SourceDate "2018.10.10"]
[SourceVersion "1"]
[SourceVersionDate "2018.10.10"]
[SourceQuality "1"]
[WhiteTeam "Santiago de los Caballeros"]
[BlackTeam "Puerto Plata"]
[WhiteTeamCountry "DOM"]
[BlackTeamCountry "DOM"]

1. e4 d5 2. exd5 Qxd5 3. Nf3 Nf6 4. Be2 Bf5 5. 0-0 e6 6. d4 c6 7. c4 Qd6 8. Nc3 Qc7 9. d5 Bd6 10. Be3 cxd5 11. cxd5 0-0 12. Rc1 a6 13. h3 Qe7 14. Re1 Nxd5 15. Nxd5 exd5 16. Qxd5 Be6 17. Qh5 Nd7 18. Bd3 Nf6 19. Qh4 Rfc8 20. Rxc8+ Rxc8 21. Bd4 h6 22. Bxf6 Qxf6 23. Qe4 g6 24. b3 Rc3 25. Rd1 Qf4 26. Qxf4 Bxf4 27. Be4 b5 28. Nd4 Bc8 29. Ne2 Be6 30. Nxc3 Be5 31. Ne2 1-0

[Event "DOM-chT"]
[Site "Santiago de los Caballeros"]
[Date "2017.08.18"]
[Round "3.4"]
[White "Moscoso Silva, Carlos Antonio"]
[Black "Nunez Astacio, Jose Miguel"]
[Result "1/2-1/2"]
[WhiteElo "2021"]
[BlackElo "1793"]
[PlyCount "70"]
[EventDate "2017.08.17"]
[EventType "team-swiss"]
[EventRounds "6"]
[EventCountry "DOM"]
[SourceTitle "EXT 2019"]
[Source "ChessBase"]
[SourceDate "2018.10.10"]
[SourceVersion "1"]
[SourceVersionDate "2018.10.10"]
[SourceQuality "1"]
[WhiteTeam "Santiago de los Caballeros"]
[BlackTeam "Hato Mayor"]
[WhiteTeamCountry "DOM"]
[BlackTeamCountry "DOM"]

1. e4 e6 2. d4 d5 3. Nd2 dxe4 4. Nxe4 Nf6 5. Nxf6+ Qxf6 6. Nf3 h6 7. Bd3 Nc6 8. 0-0 Bd6 9. Re1 0-0 10. c3 e5 11. Qe2 exd4 12. Qe4 g6 13. Nxd4 Nxd4 14. Qxd4 Qxd4 15. cxd4 Kg7 16. Bd2 Be6 17. Be4 c6 18. Bc3 Kh7 19. b3 Rfe8 20. Re2 Bg4 21. f3 Bd7 22. Rae1 f5 23. Bd3 Rxe2 24. Rxe2 Re8 25. Rxe8 Bxe8 26. g3 Bf7 27. Kf2 b5 28. Ke3 Bd5 29. Ba5 h5 30. Bd8 Kg7 31. Bg5 Ba3 32. Kf2 Bb2 33. Be3 Kf6 34. h4 a6 35. Be2 Ke6 1/2-1/2

[Event "DOM-chT"]
[Site "Santiago de los Caballeros"]
[Date "2017.08.17"]
[Round "1.4"]
[White "Moscoso Silva, Carlos Antonio"]
[Black "Cruz, Eduard"]
[Result "1-0"]
[WhiteElo "2021"]
[BlackElo "1800"]
[PlyCount "103"]
[EventDate "2017.08.17"]
[EventType "team-swiss"]
[EventRounds "6"]
[EventCountry "DOM"]
[SourceTitle "EXT 2019"]
[Source "ChessBase"]
[SourceDate "2018.10.10"]
[SourceVersion "1"]
[SourceVersionDate "2018.10.10"]
[SourceQuality "1"]
[WhiteTeam "Santiago de los Caballeros"]
[BlackTeam "Hermanas Mirabal"]
[WhiteTeamCountry "DOM"]
[BlackTeamCountry "DOM"]

1. e4 d5 2. exd5 Nf6 3. d4 Nxd5 4. c4 Nb6 5. Nf3 Bg4 6. Be2 Nc6 7. d5 Bxf3 8. Bxf3 Ne5 9. b3 g6 10. a4 Bg7 11. Ra2 0-0 12. Be2 a5 13. 0-0 c6 14. f4 Ned7 15. dxc6 bxc6 16. Rd2 Qc7 17. Ba3 Rfe8 18. Bf3 e5 19. Bd6 Qa7 20. c5 e4 21. Be2 Nd5 22. Qc1 Ne3 23. Re1 Nf5 24. Kh1 Bd4 25. Rxd4 Nxd4 26. Bc4 Nf5 27. Nc3 Nxc5 28. Nb5 cxb5 29. Bxc5 Qc7 30. axb5 Rac8 31. Ba3 e3 32. Qc3 Rcd8 33. Bb2 Nd4 34. Rxe3 Rxe3 35. Qxe3 Qd6 36. h3 Nf5 37. Qc3 Qd1+ 38. Kh2 Qd4 39. Qc1 Qe3 40. Qxe3 Nxe3 41. b6 Nxc4 42. bxc4 Rc8 43. Ba3 f5 44. Bd6 Kf7 45. b7 Rd8 46. b8Q Rxb8 47. Bxb8 Ke6 48. Be5 a4 49. Kg3 a3 50. Kf3 Kd7 51. Ke3 Kc6 52. Kd3 1-0

[Event "DOM-ch"]
[Site "Santo Domingo"]
[Date "2015.05.17"]
[Round "11"]
[White "Alvarez, Franklin"]
[Black "Moscoso Silva, Carlos Antonio"]
[Result "1-0"]
[WhiteElo "2100"]
[BlackElo "2066"]
[PlyCount "65"]
[EventDate "2015.05.01"]
[EventType "swiss"]
[EventRounds "11"]
[EventCountry "DOM"]
[SourceTitle "CBM 166 Extra"]
[Source "ChessBase"]
[SourceDate "2015.06.18"]
[SourceVersion "1"]
[SourceVersionDate "2015.06.18"]
[SourceQuality "1"]

1. e4 c6 2. d4 d5 3. Nd2 dxe4 4. Nxe4 Bf5 5. Ng3 Bg6 6. Nf3 Nd7 7. Bc4 Ngf6 8. Qe2 Nb6 9. Bb3 Qc7 10. Ne5 e6 11. h4 0-0-0 12. c3 Nfd7 13. Nf3 h6 14. h5 Bh7 15. Ne4 Nd5 16. g3 f5 17. Ned2 Bd6 18. Nc4 Rde8 19. Nxd6+ Qxd6 20. c4 f4 21. Kf1 Nb4 22. Bxf4 e5 23. dxe5 Bd3 24. exd6 Bxe2+ 25. Kg2 Nd3 26. Rh4 Nxb2 27. Rc1 Nd3 28. Rc3 Bxf3+ 29. Kxf3 Ne1+ 30. Kg4 Nf6+ 31. Kf5 Ne4 32. Re3 Ng2 33. Be5 1-0

[Event "Santo Domingo op U2100"]
[Site "Santo Domingo"]
[Date "2015.02.07"]
[Round "3"]
[White "Potentini Adames, Salvador I"]
[Black "Moscoso Silva, Carlos Antonio"]
[Result "1/2-1/2"]
[WhiteElo "2051"]
[BlackElo "2045"]
[PlyCount "100"]
[EventDate "2015.02.06"]
[EventType "swiss"]
[EventRounds "8"]
[EventCountry "DOM"]
[SourceTitle "CBM 164 Extra"]
[Source "ChessBase"]
[SourceDate "2015.03.02"]
[SourceVersion "1"]
[SourceVersionDate "2015.03.02"]
[SourceQuality "1"]

1. e4 c6 2. d4 d5 3. Nd2 dxe4 4. Nxe4 Bf5 5. Ng3 Bg6 6. Nf3 Nd7 7. h4 h6 8. Bd3 Bxd3 9. Qxd3 Ngf6 10. Bd2 Qc7 11. 0-0-0 e6 12. Ne4 Nxe4 13. Qxe4 Nf6 14. Qe2 0-0-0 15. Kb1 Bd6 16. g3 Kb8 17. c4 c5 18. dxc5 Qxc5 19. Be3 Qf5+ 20. Ka1 e5 21. c5 Bc7 22. c6 Qe4 23. cxb7 Qxb7 24. Rc1 Rd5 25. Nd2 Rhd8 26. Nb3 Bb6 27. Rhe1 Ka8 28. Qc4 Ne8 29. Bxb6 axb6 30. Re2 Kb8 31. Rec2 Rd1 32. f4 Rxc1+ 33. Rxc1 Nd6 34. Qb4 exf4 35. Qxf4 Qe4 36. Qf2 Kb7 37. Re1 Nf5 38. a3 Qd5 39. Ka2 Nd4 40. Re7+ Ka6 41. Qxd4 Qxb3+ 42. Kxb3 Rxd4 43. Kc3 Rg4 44. Re3 f5 45. b4 f4 46. gxf4 Rxf4 47. Rh3 g5 48. hxg5 hxg5 49. Rg3 g4 50. a4 Kb7 1/2-1/2

[Event "Santo Domingo AES Cup 2nd"]
[Site "Santo Domingo"]
[Date "2012.12.05"]
[Round "7"]
[White "Moscoso Silva, Carlos Antonio"]
[Black "Del Rosario Moreno, Carlos"]
[Result "1-0"]
[WhiteElo "2065"]
[BlackElo "2035"]
[PlyCount "57"]
[EventDate "2012.12.01"]
[EventType "swiss"]
[EventRounds "9"]
[EventCountry "DOM"]
[SourceTitle "CBM 151 Extra"]
[Source "ChessBase"]
[SourceDate "2012.12.18"]
[SourceVersion "1"]
[SourceVersionDate "2012.12.18"]
[SourceQuality "1"]

1. e4 g6 2. d4 Bg7 3. Nf3 d6 4. Bc4 c6 5. 0-0 d5 6. exd5 cxd5 7. Bb3 Bg4 8. c3 Nf6 9. h3 Bxf3 10. Qxf3 0-0 11. Bg5 Ne4 12. Bf4 Nc6 13. Re1 e6 14. Qe2 a6 15. Nd2 Nxd2 16. Qxd2 Re8 17. Re2 b5 18. a3 a5 19. Qe1 b4 20. axb4 axb4 21. Rxa8 Qxa8 22. Bxd5 Rc8 23. Bf3 bxc3 24. bxc3 Qa5 25. Rxe6 Ne5 26. Rxe5 Bxe5 27. Qxe5 Qxe5 28. Bxe5 Rxc3 29. d5 1-0

[Event "Santo Domingo AES Cup 2nd"]
[Site "Santo Domingo"]
[Date "2012.12.03"]
[Round "4"]
[White "Moscoso Silva, Carlos Antonio"]
[Black "Mendez, Ruddy Antonio"]
[Result "1-0"]
[WhiteElo "2065"]
[BlackElo "2059"]
[PlyCount "47"]
[EventDate "2012.12.01"]
[EventType "swiss"]
[EventRounds "9"]
[EventCountry "DOM"]
[SourceTitle "CBM 151 Extra"]
[Source "ChessBase"]
[SourceDate "2012.12.18"]
[SourceVersion "1"]
[SourceVersionDate "2012.12.18"]
[SourceQuality "1"]

1. e4 Nf6 2. e5 Nd5 3. Bc4 e6 4. Nf3 Be7 5. d4 d6 6. 0-0 0-0 7. Be2 c5 8. c4 Nb6 9. dxc5 dxc5 10. Qc2 Nc6 11. Rd1 Qc7 12. Qe4 f5 13. exf6 Bxf6 14. Bf4 e5 15. Bg3 g6 16. Nc3 Qg7 17. Qe3 Nd4 18. Rac1 Nxf3+ 19. Bxf3 Be6 20. b3 Rac8 21. Ne4 Be7 22. Nd6 Bxd6 23. Rxd6 Qe7 24. Qxe5 1-0

[Event "Santo Domingo op"]
[Site "Santo Domingo"]
[Date "2010.06.03"]
[Round "2"]
[White "Lorenzo, Luis"]
[Black "Moscoso Silva, Carlos Antonio"]
[Result "0-1"]
[WhiteElo "2046"]
[BlackElo "2059"]
[PlyCount "134"]
[EventDate "2010.06.02"]
[EventType "swiss"]
[EventRounds "9"]
[EventCountry "DOM"]
[SourceTitle "EXT 2011"]
[Source "ChessBase"]
[SourceDate "2010.11.26"]
[SourceVersion "1"]
[SourceVersionDate "2010.11.26"]
[SourceQuality "1"]

1. d4 d5 2. Nf3 Nf6 3. c4 c6 4. Nc3 dxc4 5. a4 Bf5 6. e3 e6 7. Bxc4 Bb4 8. 0-0 0-0 9. Qb3 Qe7 10. Re1 Nbd7 11. Bd2 Bg6 12. e4 a5 13. e5 Nd5 14. Bg5 Qe8 15. Bxd5 exd5 16. Re3 h6 17. Bh4 Qe6 18. Ne2 Be4 19. Nc3 Bf5 20. Nd2 c5 21. Nf3 c4 22. Qd1 Rac8 23. Bg3 Bxc3 24. bxc3 Rfe8 25. Re2 Rb8 26. Rb2 b6 27. Nd2 Bd3 28. f4 Rb7 29. Qf3 Reb8 30. Rb5 Nf8 31. Qxd5 Qf5 32. Nxc4 Qc8 33. Nd6 Qxc3 34. Re1 Bxb5 35. Nxb5 Qc2 36. Nd6 Rd7 37. f5 Rbd8 38. e6 fxe6 39. fxe6 Re7 40. Qf3 Qd2 41. Rd1 Qc2 42. Nf5 Rxe6 43. d5 Re2 44. Rf1 Qe4 45. Bc7 Qxf3 46. Rxf3 Rxd5 47. Kf1 Re6 48. g4 Ng6 49. Rb3 Ne7 50. Nxe7+ Rxe7 51. Bxb6 Rd1+ 52. Kf2 Re4 53. Bxa5 Rxa4 54. Bb4 Rd4 55. Bc3 Rxg4 56. h3 Rg6 57. Kf3 Rh4 58. Rb8+ Kh7 59. Be5 Rxh3+ 60. Kf4 Rg5 61. Bb2 Rhg3 62. Rb7 h5 63. Bc1 R5g4+ 64. Ke5 h4 65. Kf5 h3 66. Bf4 h2 67. Bxg3 Rxg3 0-1